<?xml version="1.0" encoding="UTF-8"?>
<record
    xmlns:xsi="http://www.w3.org/2001/XMLSchema-instance"
    xsi:schemaLocation="http://www.loc.gov/MARC21/slim http://www.loc.gov/standards/marcxml/schema/MARC21slim.xsd"
    xmlns="http://www.loc.gov/MARC21/slim">

  <leader>01015cam a2200241 a 4500</leader>
  <controlfield tag="001">000001035</controlfield>
  <controlfield tag="005">20200929145453.0</controlfield>
  <controlfield tag="008">970513s1994    it a     c    000 0 ita  </controlfield>
  <datafield tag="020" ind1=" " ind2=" ">
    <subfield code="a">8880160648</subfield>
  </datafield>
  <datafield tag="040" ind1=" " ind2=" ">
    <subfield code="a">DO-SdBNP</subfield>
    <subfield code="c">DLC</subfield>
    <subfield code="d">DLC</subfield>
  </datafield>
  <datafield tag="043" ind1=" " ind2=" ">
    <subfield code="a">e-it---</subfield>
  </datafield>
  <datafield tag="082" ind1=" " ind2=" ">
    <subfield code="a">945</subfield>
    <subfield code="b">M665R</subfield>
  </datafield>
  <datafield tag="110" ind1="1" ind2=" ">
    <subfield code="a">Italia</subfield>
    <subfield code="b">Ministero per i Beni Culturali e Ambientali</subfield>
    <subfield code="9">3583</subfield>
  </datafield>
  <datafield tag="245" ind1="1" ind2="0">
    <subfield code="a">Roma in stereoscopia :</subfield>
    <subfield code="b">1855-1908 /</subfield>
    <subfield code="c">Ministero per i Beni Culturali e Ambientali.Ufficio centrale per i beni librari e gli istituti culturali.Biblioteca vallicelliana. Museo di Palazzo Venezia.</subfield>
  </datafield>
  <datafield tag="300" ind1=" " ind2=" ">
    <subfield code="a">159 p. :</subfield>
    <subfield code="b">retrs. ;</subfield>
    <subfield code="c">30 cm.</subfield>
  </datafield>
  <datafield tag="504" ind1=" " ind2=" ">
    <subfield code="a">Bibliograf&#xED;a: p. 12-13</subfield>
  </datafield>
  <datafield tag="651" ind1=" " ind2="4">
    <subfield code="a">Roma (Italia{Rpara}</subfield>
    <subfield code="x">Obras Ilustradas</subfield>
    <subfield code="x">Exposiciones</subfield>
    <subfield code="9">3584</subfield>
  </datafield>
  <datafield tag="651" ind1=" " ind2="4">
    <subfield code="a">Roma (Italia{Rpara}</subfield>
    <subfield code="x">Exposiciones</subfield>
    <subfield code="9">3585</subfield>
  </datafield>
  <datafield tag="710" ind1="1" ind2=" ">
    <subfield code="a">Italia.</subfield>
    <subfield code="b">Ufficio centrale per i beni librari e gli istituti culturali.</subfield>
    <subfield code="9">3586</subfield>
  </datafield>
  <datafield tag="710" ind1="2" ind2=" ">
    <subfield code="a">Biblioteca vallicelliana.</subfield>
    <subfield code="9">3587</subfield>
  </datafield>
  <datafield tag="710" ind1="2" ind2=" ">
    <subfield code="a">Museo di Palazzo Venezia (Roma, Italia)</subfield>
    <subfield code="9">3588</subfield>
  </datafield>
  <datafield tag="910" ind1=" " ind2=" ">
    <subfield code="a">Catalogaci&#xF3;n por copia / LC</subfield>
  </datafield>
  <datafield tag="952" ind1=" " ind2=" ">
    <subfield code="0">0</subfield>
    <subfield code="1">0</subfield>
    <subfield code="5">2</subfield>
    <subfield code="7">5</subfield>
    <subfield code="8">DS</subfield>
    <subfield code="a">BNPHU</subfield>
    <subfield code="b">BNPHU</subfield>
    <subfield code="c">HD</subfield>
    <subfield code="d">2009-06-25</subfield>
    <subfield code="i">LF1</subfield>
    <subfield code="l">0</subfield>
    <subfield code="o">945 M665R</subfield>
    <subfield code="p">1035-10</subfield>
    <subfield code="r">2020-06-25</subfield>
    <subfield code="w">2020-06-25</subfield>
    <subfield code="y">LF1</subfield>
    <subfield code="Z">Pr&#xE9;stamo interno</subfield>
  </datafield>
  <datafield tag="999" ind1=" " ind2=" ">
    <subfield code="c">1011</subfield>
    <subfield code="d">1011</subfield>
  </datafield>
</record>
